000
00341nam a22001457a 4500
008
230601b ||||| |||| 00| 0 eng d
020
_a
9780827340428
041
_a
eng
080
_2
THIRD EDITION
_a
51
082
_a
51SMI
100
_a
23
101
_a
MATE
245
_a
MATHEMATICS FOR MACHINE TECHNOLOGY
_c
SMITH.D.R
942
_2
udc
_c
BK
999
_c
59896
_d
59896